Mario Characters/Items Quiz - Statistics

General Stats
  • This quiz has been taken 23 times
    22 since last reset
  • The average score is 35 of 110
Answer Stats
Hint Answer % Correct
Has a Mansion Luigi
88%
Red Mario
88%
Gets Kidnapped Princess Peach
88%
Loves Money Wario
81%
Lays Eggs Yoshi
81%
Infant #2 Baby Luigi
75%
Infant #1 Baby Mario
75%
Kidnaps #3 Frequently Bowser
75%
Orange #3 Princess Daisy
75%
Excluded from Smash Waluigi
75%
Infant #4 Baby Daisy
69%
Infant #3 Baby Peach
69%
Smaller but also Loves Bananas Diddy Kong
69%
Loves Bananas Donkey Kong
69%
Infant #11 Baby Rosalina
63%
Shoots Eggs Birdo
63%
Child of #31 Bowser Jr.
63%
"HEY MARIO" Toad
63%
Female "HEY MARIO" Toadette
63%
Ghost Ball Boo
56%
Gets Stomped Goomba
56%
Runs an Observatory Rosalina
56%
Green or Red (usually) Koopa Troopa
50%
Infant #31 Baby Bowser
44%
Kidnaps #1 King Boo
44%
Green or Red (but can fly) Paratroopa
44%
That's What The Point of The Mask Is Shy Guy
44%
Squid Blooper
38%
Parched Calcium Dry Bones
38%
Extended Family of 22 but Groovy Funky Kong
38%
Sits in a Cloud Lakitu
38%
Blue Koopaling Ludwig
38%
Star Beings Luma
38%
Carnivorous Flora Piranha Plant
38%
Studies Paranormal Activity Specifically in #2's Mansion Professor E. Gadd
38%
Magenta Koopaling Roy
38%
Gives an Extra-Life 1-up Mushroom
31%
Infant #22 Baby Donkey Kong
31%
Walking Powder Keg Bob-omb
31%
Dude That Throws Boomerangs Boomerang Bro
31%
Black and Sleek Bullet Bill
31%
Fish Cheep Cheep
31%
Extended Family of 22 but Old Cranky Kong
31%
User Can Throw Fireballs Fire Flower
31%
Dude That Throws Hammers Hammer Bro
31%
User Can Throw Iceballs Ice Flower
31%
Green Koopaling Iggy
31%
Mage Turtle Kamek
31%
Classic Power Up Mushroom
31%
Gets Stomped (but with wings) Paragoomba
31%
Turns User Into a Penguin Penguin Suit
31%
Quadripedal Spiky Shell Spiny
31%
Vertical Threat Thwomp
31%
Caterpiller Wiggler
31%
The Bane of Mariokart Blue Shell/Spiny Shell
25%
Off-Brand Male Koopaling Boom-Boom
25%
Equivalent of a Rabid Pitbull Chain Chomp
25%
Extended Family of 22 but Female Pt. 1 Dixie Kong
25%
Dude That Throws Fireballs Fire Bro
25%
Dude That Throws Iceballs Ice Bro
25%
Light Blue Koopaling Larry
25%
Orange Koopaling Lemmy
25%
#1 (Alloy Based) Metal Mario
25%
Black Koopaling Morton
25%
Turns User Into a Feline Super Bell
25%
Advisor to #3 Toadsworth
25%
Pink Koopaling Wendy
25%
Turns User Into a Squirrel Acorn Mushroom
19%
Only Showed Up in Yoshi's Island Baby Wario
19%
Turns User Into a Bee Bee Mushroom
19%
Turns User Into a Ghost Boo Mushroom
19%
Smooth, Navy Shell Buzzy Beetle
19%
Reanimated version of #31 Dry Bowser
19%
Pops Out of Walls and Sprints at You Like a Deranged Crackhead Monty Mole
19%
Flying Parched Calcium Parabones
19%
Carnivorous Flora That Hits Dingers Petey Piranha
19%
Spikeballs in Sand Levels Pokey
19%
Off-Brand Female Koopaling Pom-Pom
19%
User Can Fly Propeller Mushroom
19%
Turns User Into a Rolling Boulder Rock Mushroom
19%
Dark Clone of #1 Shadow Mario/Cosmic Mario
19%
User Can Jump Quite High Spring Mushroom
19%
Turns User Into a Raccoon Tanooki Leaf
19%
Faceplant Whomp
19%
User Gets Power to Make Clouds Cloud Flower
13%
Black Static With a Face Fuzzy
13%
Is not Sleek and is Massive, but is in Same Family King Bill
13%
Walking Nuclear Threat King Bob-omb
13%
Has Too Much Super Armor King K. Rool
13%
Robot Turtle Mechakoopa
13%
Commoners of Super Mario Sunshine Pianta
13%
Regurgitates Balls of Doom Spike
13%
Dude That Throws Sledgehammers Sumo Bro
13%
Shocking Black Ball Amp
6%
Not as Sleek but is Larger Bonzai Bill
6%
Ice With a Face Freezies
6%
Gets Stomped (Shoots Rocks Edition) Octogoomba
6%
Red, Smooth Shell, is Airborne Parabeetle
6%
Extended Family of 22 but Female Pt. 2 Tiny Kong
6%
Charges With No Hands Bully
0%
Things #1 Chases to Acquire Stars Bunnies
0%
Carnivorous Flora in Good Egg Galaxy Dino Pirahna
0%
Reanimated version of #49 Dry Beetle
0%
Fireball(s) With Eyes Fire Snake
0%
Sits in a Thunder Cloud in Yoshi Star Galaxy King Lakitu
0%
Subjects of #29 Kritter
0%
Robot #31 Mecha Bowser
0%
Lives in Lava and Has a Large Mouth Melty Monster
0%
Seashell People Noki
0%
Fish With Spikes That Jumps Puffer
0%
No matching quizzes found
Score Distribution
Percent of People with Each Score
Percentile by Number Answered
Your Score History
You have not taken this quiz since the last reset